La dinámica del capitalismo /

Guardado en:
Autor Principal: Braudel, Fernand.
Formato: Libro
Idioma:Spanish
French
Publicado: México : Fondo de Cultura Económica, c1986.
Edición:1a. ed. en español.
Series:Breviarios 427
Materias:
Etiquetas: Agregar Etiqueta
Sin Etiquetas, Sea el primero en etiquetar este registro!
LEADER 00767nam a22002295 4500
001 EAD.ead002255
008 080718s1986####mx############000#0#spa#d
005 20100624163749.0
245 1 3 |a La dinámica del capitalismo /  |c Fernand Braudel ; traducción de Rafael Tusón Calatayud. 
250 |a 1a. ed. en español. 
260 |a México :  |b Fondo de Cultura Económica,  |c c1986. 
300 |a 127 p. 
490 0 |a Breviarios  |v 427 
500 |a Traducción de: La dynamique du capitalisme. 
020 |a 9681622413 
100 1 |a Braudel, Fernand. 
082 0 4 |a 330.122  |2 21 
650 7 |a Economía.  |2 unbist 
650 7 |a Capitalismo.  |2 unbist 
650 7 |a Sistemas económicos.  |2 unbist 
041 1 |a spa  |h fre 
859 |a AR-BaBDC  |b BIB. ADMINISTRACION - Libros  |h 330.122  |i B737  |p b02076